A.M - One Direction (All Lyrics) - Statistics

General Stats
  • This quiz has been taken 115 times
  • The average score is 265 of 324
Answer Stats
Lyrics % Correct
all
100%
you
100%
a.m.?
98%
a.m.,
98%
a.m.
98%
a.m
98%
a.m?
98%
in
98%
the
98%
always
97%
conversations
97%
my
97%
stay
97%
made
95%
won't
95%
and
92%
we
92%
favourite
90%
were
90%
we're
90%
'til
89%
to
89%
me
87%
of
87%
yeah
87%
it,
84%
for
82%
just
82%
on
82%
our
82%
know
81%
know,
81%
say
81%
this
81%
be
79%
don't
79%
glasses
79%
out
79%
could
77%
like
77%
make
76%
same
76%
talking
76%
time
76%
time?
76%
asses
74%
'cause
74%
got
74%
part
74%
talking
74%
what
74%
gonna
73%
'round
73%
saying
73%
swimming
73%
town
73%
how
69%
these
69%
around
68%
scars
68%
your
68%
feels
66%
forever
66%
ground
66%
i'm
66%
i'm,
66%
I'm
66%
tonight
65%
now
63%
raised
63%
remember
63%
used
63%
wasting
63%
about
61%
place
60%
back
58%
but
58%
face
58%
forget
58%
coming
55%
look
55%
going
53%
right
53%
there
52%
kick
50%
i'll
48%
outside
48%
wanna
48%
world
47%
break
44%
loud
44%
war
44%
3
42%
dreaming
42%
never
42%
trying
37%
learned
35%
sleep
34%
behave
29%
clocks
24%
No matching quizzes found
Score Distribution
Percent of People with Each Score
Percentile by Number Answered
Your Score History
You have not taken this quiz